Cities Served by GOL - Statistics

General Stats
  • This quiz has been taken 23 times
  • The average score is 41 of 72
Answer Stats
% Correct
Belo Horizonte
94%
Brasília
94%
Manaus
94%
Porto Alegre
94%
Rio de Janeiro
94%
Salvador
94%
São Paulo
94%
Belém
88%
Buenos Aires
88%
Curitiba
88%
Montevidéo
88%
Natal
88%
Recife
88%
Florianópolis
82%
Fortaleza
82%
João Pessoa
82%
Miami
82%
Santiago de Chile
82%
Campinas
76%
Córdoba
76%
Goiânia
76%
Lima
76%
Maceió
76%
Mendoza
76%
São Luís
76%
Asunción
71%
Teresina
71%
Vitória
71%
Vitória da Conquista
71%
Foz do Iguaçú
65%
Quito
65%
Rosário
65%
Santa Cruz de la Sierra
65%
Cuiabá
59%
Macapá
59%
Porto Velho
59%
Rio Branco
59%
Campo Grande
53%
Orlando
53%
Punta del Este
53%
Uberlândia
53%
Aracajú
47%
Boa Vista
47%
Cancún
47%
Londrina
47%
Navegantes
47%
Porto Seguro
47%
Punta Cana
47%
Chapecó
41%
Ilhéus
41%
Joinville
41%
Maringá
41%
Palmas
41%
Paramaribo
41%
Campina Grande
35%
Cascavel
35%
Fernando de Noronha
35%
Juazeiro do Norte
35%
Marabá
35%
Montes Claros
35%
Araçatuba
29%
Caxias do Sul
29%
Jericoacoara
29%
Petrolina
24%
Presidente Prudente
24%
Santarém
24%
Juíz de Fora
18%
Sinop
18%
Caldas Novas
12%
Cruzeiro do Sul
12%
Passo Fundo
12%
Parauapebas
6%
No matching quizzes found
Score Distribution
Percent of People with Each Score
Percentile by Number Answered
Your Score History
You have not taken this quiz